Toontown: Cogs - Statistics

General Stats
  • This quiz has been taken 7 times
  • The average score is 26 of 32
Answer Stats
Answer % Correct
Ambulance Chaser
100%
Blood Sucker
100%
Flunky
100%
Legal Eagle
100%
Mr. Hollywood
100%
Number Cruncher
100%
Penny Pincher
100%
The Big Cheese
100%
Cold Caller
86%
Corporate Raider
86%
Double Talker
86%
Head Hunter
86%
Loan Shark
86%
Micromanager
86%
Pencil Pusher
86%
Short Change
86%
Spin Doctor
86%
Telemarketer
86%
The Mingler
86%
Bean Counter
71%
Big Wig
71%
Glad Hander
71%
Mover & Shaker
71%
Tightwad
71%
Two-Face
71%
Yesman
71%
Back Stabber
57%
Bottom Feeder
57%
Downsizer
57%
Money Bags
57%
Robber Baron
57%
Name Dropper
43%
No matching quizzes found
Score Distribution
Percent of People with Each Score
Percentile by Number Answered
Your Score History
You have not taken this quiz